000
00304nam a2200121Ia 4500
008
190216s9999||||xx |||||||||||||| ||und||
100
_a
Inder K Rana
245
3
_a
An Introduction To Measure And Integration
260
_b
Narosa Pubs House
_c
1997
300
_a
380p
650
_a
Mathematics
942
_c
BK
999
_c
31439
_d
31439